00700nam a2200205 a 450000100100000000500170001000800410002702000150006804000250008308200150010810000290012324500570015226000510020930000200026049000340028083000410031404900090035595201130036499900170047700002917120200930055355.0110414s2001 mx 000 0 spa d a9688594431 aDO-SdBNPbspacBNPHU axxxxbI42r1 aInestrosa, Sergio95609013aLa religión como mediadora del sentido de la vida. aMéxico :bUniversidad Iberoamericana,c2001. a34 p. ;c22 cm.1 aCuadernos de fe y culturav15 0aCuadernos de fe y culturav15956091 aBNPD 001050718MOaGRbGRcCTd2011-04-14iLF1l0oxxxx I42rp29171-10r2020-06-25w2020-06-25y1ZNo se presta c28663d28663